[Event "WECU Championship"]
[Site "Exmouth"]
[Date "2003.04.19"]
[Round "4.2"]
[White "Dilleigh, Stephen"]
[Black "Chaplin, Peter E"]
[Result "1/2-1/2"]
[WhiteElo "2072"]
[BlackElo "2032"]
[PlyCount "57"]
[EventDate "2003.??.??"]

1. d4 d5 2. c4 c6 3. Nf3 Nf6 4. Nc3 e6 5. Bg5 Nbd7 6. e3 Qa5 7. Nd2 Bd6 8. Qc2
h6 9. Bh4 Bb8 10. cxd5 exd5 11. Be2 O-O 12. O-O Re8 13. a3 Qc7 14. Bg3 Qd8 15.
Bxb8 Rxb8 16. b4 Nf8 17. b5 Qd6 18. bxc6 bxc6 19. Na4 Ne6 20. Bd3 Ng4 21. g3
Ng5 22. Qc5 Qxc5 23. Nxc5 Rb2 24. Ncb3 Nf3+ 25. Nxf3 Rxb3 26. Bc2 Rb2 27. Bd3
Rb3 28. Bc2 Rb2 29. Bd3 1/2-1/2

[Event "WECU Championship"]
[Site "Exmouth"]
[Date "2003.04.19"]
[Round "4.3"]
[White "George, Ian"]
[Black "Rudd, Jack"]
[Result "1-0"]
[WhiteElo "1952"]
[BlackElo "2200"]
[PlyCount "71"]
[EventDate "2003.??.??"]

1. e4 e6 2. d4 d5 3. Nc3 Nf6 4. Bg5 Bb4 5. e5 h6 6. Bd2 Bxc3 7. bxc3 Ne4 8. Qg4
g6 9. Bd3 Nxd2 10. Kxd2 c5 11. h4 Nc6 12. Rh3 Qa5 13. Bxg6 Rf8 14. Rf3 Nxd4 15.
Rxf7 Rxf7 16. Qf4 Nf5 17. g4 d4 18. Ne2 dxc3+ 19. Ke1 Qc7 20. gxf5 Kd8 21. Bxf7
Qxf7 22. f6 Bd7 23. Nxc3 Bc6 24. Rd1+ Kc7 25. Qd2 b6 26. a4 Rg8 27. Nb5+ Bxb5
28. Qd6+ Kb7 29. axb5 Qh5 30. Qe7+ Kb8 31. Rd8+ Rxd8 32. Qxd8+ Kb7 33. Qd7+ Kb8
34. Qd8+ Kb7 35. Qe7+ Kb8 36. Qf8+ 1-0

[Event "WECU Championship"]
[Site "Exmouth"]
[Date "2003.04.19"]
[Round "4.4"]
[White "Pleasants, Allan J"]
[Black "Cutmore, DA."]
[Result "1/2-1/2"]
[WhiteElo "2000"]
[BlackElo "1848"]
[PlyCount "105"]
[EventDate "2003.??.??"]

1. g3 e5 2. Bg2 d6 3. c4 f5 4. Nc3 Nf6 5. d3 c6 6. Nf3 Nbd7 7. O-O Be7 8. d4 e4
9. Ng5 Nb6 10. b3 h6 11. Nh3 g5 12. d5 c5 13. f3 exf3 14. exf3 a6 15. Bb2 Kd7
16. Qd3 Kc7 17. a3 Rf8 18. Rfe1 Nh5 19. Re2 Bf6 20. Rae1 Bd4+ 21. Nf2 Bd7 22.
Re7 Nc8 23. Rh7 Qf6 24. Re6 Bxf2+ 25. Kxf2 Qd4+ 26. Re3 Qxd3 27. Rxd3 b5 28.
cxb5 axb5 29. Rxh6 Nf6 30. Nd1 Ng8 31. Rg6 g4 32. Rg7 Nf6 33. Ne3 Nb6 34. Nxf5
Ne8 35. fxg4 Nxg7 36. Bxg7 Bxf5 37. gxf5 Rxf5+ 38. Bf3 Rxa3 39. g4 Rf7 40. Bb2
Ra2 41. Rd2 Nxd5 42. g5 Nf4 43. Kg3 c4 44. bxc4 bxc4 45. h4 Nd3 46. g6 Re7 47.
Bc3 Rxd2 48. Bxd2 Ne5 49. h5 Kd7 50. Bg5 Rg7 51. Bf6 Rxg6+ 52. hxg6 Nxg6 53.
Bd5 1/2-1/2

[Event "WECU Championship"]
[Site "Exmouth"]
[Date "2003.04.19"]
[Round "4.5"]
[White "Ponter, Ian"]
[Black "Cutmore, Martin"]
[Result "1-0"]
[WhiteElo "1904"]
[BlackElo "1896"]
[PlyCount "49"]
[EventDate "2003.??.??"]

1. e4 e6 2. d4 c5 3. c3 d5 4. exd5 exd5 5. Be3 c4 6. b3 cxb3 7. axb3 Bd6 8. Nf3
Ne7 9. Bd3 Nbc6 10. O-O Ng6 11. Bg5 f6 12. Re1+ Kf7 13. Bd2 Qc7 14. Na3 Bf4 15.
Nb5 Qb8 16. c4 Bxd2 17. Qxd2 Bg4 18. cxd5 Bxf3 19. gxf3 Nd8 20. d6 Ne6 21. Rxe6
Kxe6 22. Nc7+ Kd7 23. Bf5+ Kxd6 24. Nxa8 Qxa8 25. Qb4+ 1-0

[Event "WECU Championship"]
[Site "Exmouth"]
[Date "2003.04.19"]
[Round "4.6"]
[White "Therrien, Alex L"]
[Black "Crouch, C."]
[Result "1/2-1/2"]
[WhiteElo "1784"]
[BlackElo "2344"]
[PlyCount "81"]
[EventDate "2003.??.??"]

1. e4 Nf6 2. Nc3 d5 3. e5 Nfd7 4. d4 c5 5. f4 cxd4 6. Nce2 Qa5+ 7. Qd2 Qxd2+ 8.
Bxd2 Nc6 9. Nf3 Nc5 10. Nexd4 a6 11. O-O-O Bg4 12. h3 Bxf3 13. Nxf3 e6 14. Be3
Rc8 15. Kb1 Ne4 16. a3 Na5 17. Bd3 Nc4 18. Bd4 Ng3 19. Rhe1 Bc5 20. Bxc4 dxc4
21. Bxc5 Rxc5 22. Ng5 Ke7 23. Ne4 Nxe4 24. Rxe4 Rd5 25. Rxd5 exd5 26. Rd4 Ke6
27. Kc1 g5 28. Kd2 Rg8 29. g4 b5 30. Ke3 a5 31. Rd1 gxf4+ 32. Kxf4 c3 33. b3
Rc8 34. Rd4 h6 35. a4 b4 36. Rd1 Rf8 37. Re1 Rd8 38. Rd1 Rc8 39. Re1 Rf8 40. h4
Rg8 41. Rd1 1/2-1/2

[Event "WECU Championship"]
[Site "Exmouth"]
[Date "2003.04.19"]
[Round "4.7"]
[White "Bolt, G."]
[Black "Carpenter, P.."]
[Result "0-1"]
[WhiteElo "1960"]
[BlackElo "1880"]
[PlyCount "96"]
[EventDate "2003.??.??"]

1. e4 c6 2. d4 d5 3. exd5 cxd5 4. c4 dxc4 5. Bxc4 e6 6. Nc3 Nc6 7. Nf3 Bb4 8.
O-O Nf6 9. Bg5 Be7 10. Re1 O-O 11. a3 a6 12. b4 b5 13. Bb3 Bb7 14. Rc1 Rc8 15.
Qd3 h6 16. Be3 Bd6 17. Rcd1 Qc7 18. Rc1 Qb8 19. h3 Ne7 20. Nd2 Qa8 21. f3 Bg3
22. Rf1 Nf5 23. Nde4 Nd5 24. Bd2 Nf4 25. Qb1 Qb8 26. Rcd1 Rfd8 27. d5 Nxd5 28.
Nxd5 Bxd5 29. Nc5 Bh2+ 30. Kh1 Ng3+ 31. Kxh2 Nxf1+ 32. Kg1 Nxd2 33. Rxd2 Bxb3
34. Rxd8+ Rxd8 35. Qxb3 Qd6 36. Kf2 Qd2+ 37. Kg3 e5 38. Ne4 Qd3 39. Qb2 Rd4 40.
Kh2 Rxe4 41. fxe4 Qxe4 42. Qc3 Qf4+ 43. Kh1 e4 44. Qc8+ Kh7 45. Qxa6 e3 46.
Qxb5 Qf2 47. Qd3+ g6 48. Qd4 Qf1+ 0-1

[Event "WECU Championship"]
[Site "Exmouth"]
[Date "2003.04.19"]
[Round "4.8"]
[White "Shire, David J"]
[Black "Littlejohns, David"]
[Result "1/2-1/2"]
[WhiteElo "1928"]
[BlackElo "1880"]
[PlyCount "80"]
[EventDate "2003.??.??"]

1. d4 c6 2. c4 d5 3. Nf3 Nf6 4. Nc3 dxc4 5. a4 Bf5 6. e3 e6 7. Bxc4 Bd6 8. O-O
O-O 9. Qe2 Ne4 10. Bd3 Nxc3 11. bxc3 Bxd3 12. Qxd3 Nd7 13. e4 Be7 14. Rd1 Qc7
15. Be3 Rfd8 16. Qc4 Nf8 17. Rab1 Ng6 18. g3 b6 19. h4 Rac8 20. h5 Nf8 21. Rd2
h6 22. Kg2 Nh7 23. Bf4 Bd6 24. e5 Be7 25. Rbd1 Ng5 26. Qe2 Nxf3 27. Qxf3 Bg5
28. Bxg5 hxg5 29. h6 Qe7 30. hxg7 Kxg7 31. Qe4 Rh8 32. Rh1 Rxh1 33. Kxh1 Qa3
34. Qe3 Qe7 35. f4 Qa3 36. f5 Qc1+ 37. Kg2 Rh8 38. Qxg5+ Kf8 39. Qd8+ Kg7 40.
Qf6+ Kg8 1/2-1/2

[Event "WECU Championship"]
[Site "Exmouth"]
[Date "2003.04.19"]
[Round "4.11"]
[White "Sapiecha, Michael W"]
[Black "Neat, Roger J"]
[Result "1/2-1/2"]
[WhiteElo "1864"]
[BlackElo "1568"]
[PlyCount "62"]
[EventDate "2003.??.??"]

1. d4 d5 2. c4 c6 3. Nc3 Nf6 4. f3 e6 5. Bg5 Be7 6. e4 h6 7. Bh4 Nxe4 8. Bxe7
Nxc3 9. bxc3 Qxe7 10. Bd3 dxc4 11. Bxc4 O-O 12. Ne2 b5 13. Bb3 Bb7 14. O-O c5
15. Bc2 c4 16. Re1 Nd7 17. Ng3 Nf6 18. Bb1 Qd7 19. Qc2 g6 20. Ne4 Nxe4 21. fxe4
f5 22. Qd2 Kh7 23. Bc2 f4 24. Rf1 e5 25. Rad1 Rad8 26. Qe2 Qe7 27. Qf2 Qa3 28.
dxe5 Qxc3 29. Rxd8 Rxd8 30. Qxf4 Rg8 31. Bb1 Qd4+ 1/2-1/2

[Event "WECU Championship"]
[Site "Exmouth"]
[Date "2003.04.20"]
[Round "4.9"]
[White "Bareham, DC."]
[Black "Wilkinson, John R"]
[Result "1/2-1/2"]
[WhiteElo "1920"]
[BlackElo "1880"]
[PlyCount "33"]
[EventDate "2003.??.??"]

1. e4 Nf6 2. e5 Nd5 3. Qf3 Nb6 4. d4 d6 5. exd6 exd6 6. Bd3 Be7 7. Ne2 O-O 8.
O-O d5 9. Re1 Nc6 10. c3 Bd6 11. Bf4 Bxf4 12. Qxf4 Nd7 13. Nd2 Nf6 14. Ng3 Be6
15. Nf3 h6 16. Nf5 Bxf5 17. Qxf5 1/2-1/2

[Event "WECU Championship"]
[Site "Exmouth"]
[Date "2003.04.20"]
[Round "4.10"]
[White "Egginton, David C"]
[Black "Gosling, Brian"]
[Result "1-0"]
[WhiteElo "1880"]
[BlackElo "1840"]
[PlyCount "89"]
[EventDate "2003.??.??"]

1. c4 e6 2. Nf3 d5 3. b3 Nf6 4. Bb2 Nbd7 5. g3 b6 6. Bg2 Bb7 7. O-O Bd6 8. Nc3
a6 9. Qc2 O-O 10. d3 c5 11. cxd5 exd5 12. d4 cxd4 13. Nxd4 Rc8 14. Rac1 Ne4 15.
Ba1 Ndf6 16. Qb1 Nxc3 17. Bxc3 Ba3 18. Bb2 Rxc1 19. Rxc1 Bxb2 20. Qxb2 Ne4 21.
e3 Qd7 22. Rc2 Rc8 23. Qc1 Rxc2 24. Qxc2 Qc8 25. Qxc8+ Bxc8 26. Kf1 Kf8 27. Ke1
Ke7 28. f3 Nf6 29. Kd2 Kd6 30. b4 Bd7 31. Bf1 b5 32. Kc3 Ne8 33. g4 g5 34. Bd3
h6 35. Nf5+ Bxf5 36. Bxf5 Ke5 37. Bc8 Nc7 38. Kd3 f6 39. Kc3 Kd6 40. Kd4 Kc6
41. e4 dxe4 42. Kxe4 Kd6 43. Kf5 Nd5 44. Bxa6 Ne7+ 45. Kxf6 1-0

[Event "WECU Championship"]
[Site "Exmouth"]
[Date "2003.04.20"]
[Round "5.1"]
[White "Dilleigh, Stephen"]
[Black "Turner, Matthew"]
[Result "0-1"]
[WhiteElo "2072"]
[BlackElo "2496"]
[PlyCount "66"]
[EventDate "2003.??.??"]

1. d4 Nf6 2. c4 e6 3. Nc3 Bb4 4. e3 O-O 5. Bd3 c5 6. Nf3 d5 7. O-O cxd4 8. exd4
dxc4 9. Bxc4 Nbd7 10. Qe2 Nb6 11. Bd3 Bd7 12. Bg5 Bc6 13. Rfd1 Nbd5 14. Ne4 Be7
15. Ne5 Nb4 16. Nxc6 Nxc6 17. Nxf6+ Bxf6 18. Bxf6 Qxf6 19. d5 exd5 20. Qh5 g6
21. Qxd5 Rfd8 22. Qb3 Nd4 23. Qa3 Rd6 24. Rd2 Rad8 25. Rad1 Nc6 26. Kf1 Qf4 27.
Kg1 Ne5 28. Qc3 Nxd3 29. Rxd3 Rxd3 30. Rxd3 Rxd3 31. Qxd3 Qc1+ 32. Qf1 Qxb2 33.
a4 Qd4 0-1

[Event "WECU Championship"]
[Site "Exmouth"]
[Date "2003.04.20"]
[Round "5.2"]
[White "Moore, Gerald"]
[Black "George, Ian"]
[Result "1-0"]
[WhiteElo "2216"]
[BlackElo "1952"]
[PlyCount "73"]
[EventDate "2003.??.??"]

1. Nf3 Nf6 2. c4 e6 3. g3 c5 4. Bg2 Nc6 5. O-O d5 6. cxd5 exd5 7. d4 Be7 8. Nc3
O-O 9. Bg5 cxd4 10. Nxd4 h6 11. Be3 Qa5 12. a3 Nxd4 13. Qxd4 Be6 14. Rfd1 Rfd8
15. Rac1 b6 16. Qa4 Qxa4 17. Nxa4 Rac8 18. Nc3 Bc5 19. Bd4 Bxd4 20. Rxd4 Rd7
21. Rcd1 Rc4 22. e3 Rxd4 23. Rxd4 Kf8 24. h3 Ne4 25. Bxe4 dxe4 26. h4 Rxd4 27.
exd4 f5 28. Kf1 g5 29. Ke2 Ke7 30. hxg5 hxg5 31. d5 Bd7 32. Ke3 Kd6 33. Kd4 g4
34. a4 a6 35. b4 Be8 36. b5 a5 37. Nd1 1-0

[Event "WECU Championship"]
[Site "Exmouth"]
[Date "2003.04.20"]
[Round "5.3"]
[White "Chaplin, Peter E"]
[Black "Ponter, Ian"]
[Result "1/2-1/2"]
[WhiteElo "2032"]
[BlackElo "1904"]
[PlyCount "73"]
[EventDate "2003.??.??"]

1. Nc3 Nf6 2. e4 e5 3. a3 d5 4. exd5 Nxd5 5. Qh5 Be7 6. Qxe5 Nxc3 7. dxc3 O-O
8. Bd3 Nc6 9. Qh5 g6 10. Qd1 Re8 11. Ne2 Bg4 12. Be3 Ne5 13. h3 Be6 14. Nf4 Bc4
15. b3 Nxd3+ 16. Nxd3 Bb5 17. O-O Bf6 18. a4 Bxd3 19. Qxd3 Qxd3 20. cxd3 Bxc3
21. Rac1 Be5 22. Rfe1 a6 23. Bc5 Bf4 24. Be3 Bd6 25. g3 Rac8 26. Kg2 Bb4 27.
Red1 Re7 28. Rc4 Bd6 29. b4 Rce8 30. Bc5 Bxc5 31. Rxc5 Rd7 32. Rdc1 Ree7 33.
R1c3 Kg7 34. b5 axb5 35. Rxb5 c6 36. Rb6 Kf6 37. a5 1/2-1/2

[Event "WECU Championship"]
[Site "Exmouth"]
[Date "2003.04.20"]
[Round "5.4"]
[White "Carpenter, P.."]
[Black "Pleasants, Allan J"]
[Result "0-1"]
[WhiteElo "1880"]
[BlackElo "2000"]
[PlyCount "54"]
[EventDate "2003.??.??"]

1. d4 Nf6 2. e3 g6 3. Bd3 d5 4. Nd2 c5 5. c3 cxd4 6. cxd4 Nc6 7. f4 Qa5 8. Ngf3
Nb4 9. Ne5 Nxd3+ 10. Nxd3 Bf5 11. Nc5 b6 12. Qa4+ Qxa4 13. Nxa4 Rc8 14. Nc3 Bd3
15. h3 e6 16. Nf3 Ne4 17. Bd2 f6 18. a3 Kd7 19. Rc1 Bd6 20. Nh2 h5 21. Nxe4
dxe4 22. Kf2 e5 23. Rxc8 Rxc8 24. Rc1 exf4 25. exf4 Rxc1 26. Bxc1 Ke6 27. Ke3
g5 0-1

[Event "WECU Championship"]
[Site "Exmouth"]
[Date "2003.04.20"]
[Round "5.5"]
[White "Cutmore, DA."]
[Black "Egginton, David C"]
[Result "1-0"]
[WhiteElo "1848"]
[BlackElo "1880"]
[PlyCount "99"]
[EventDate "2003.??.??"]

1. d4 Nf6 2. c4 e6 3. Nf3 c5 4. d5 exd5 5. cxd5 d6 6. Nc3 g6 7. Nd2 b6 8. Qa4+
Qd7 9. Qf4 Bg7 10. g3 O-O 11. Bg2 a6 12. Nc4 Nh5 13. Qxd6 b5 14. Qxd7 Nxd7 15.
Nd6 Nb6 16. O-O Rd8 17. Nxc8 Raxc8 18. e4 Nc4 19. Rb1 Na3 20. Ra1 Nc2 21. Bg5
Nxa1 22. Bxd8 Rxd8 23. Rxa1 Nf6 24. Re1 Nd7 25. f4 Bd4+ 26. Kf1 Nb6 27. Nd1 c4
28. Re2 b4 29. Ne3 c3 30. bxc3 bxc3 31. Nc2 Bc5 32. Re1 Nc4 33. e5 Kf8 34. d6
Rb8 35. Bd5 Na3 36. Nxa3 Bxa3 37. Re2 Bc1 38. Rc2 Bd2 39. Ke2 h5 40. Kd3 h4 41.
Bc4 a5 42. Ke4 a4 43. g4 h3 44. f5 Rb2 45. Bd3 g5 46. Kd5 Rxc2 47. Bxc2 Bf4 48.
e6 fxe6+ 49. fxe6 Bxh2 50. e7+ 1-0

[Event "WECU Championship"]
[Site "Exmouth"]
[Date "2003.04.20"]
[Round "5.6"]
[White "Crouch, C."]
[Black "Cutmore, Martin"]
[Result "1-0"]
[WhiteElo "2344"]
[BlackElo "1896"]
[PlyCount "51"]
[EventDate "2003.??.??"]

1. d4 Nf6 2. c4 Nc6 3. Nf3 e6 4. a3 d6 5. Nc3 g6 6. e4 Bg7 7. Be2 O-O 8. O-O
Re8 9. Be3 h6 10. d5 exd5 11. cxd5 Nb8 12. Nd2 c6 13. Rc1 cxd5 14. exd5 Na6 15.
Nc4 Nc7 16. Bf3 b6 17. Re1 Bb7 18. Qd2 Kh7 19. h3 Rc8 20. b3 Na6 21. Nb5 Nc5
22. Ncxd6 Nxb3 23. Rxc8 Bxc8 24. Qd1 Rxe3 25. Rxe3 Nc5 26. Nxc8 1-0

[Event "WECU Championship"]
[Site "Exmouth"]
[Date "2003.04.20"]
[Round "5.7"]
[White "Rudd, Jack"]
[Black "Therrien, Alex L"]
[Result "1-0"]
[WhiteElo "2200"]
[BlackElo "1784"]
[PlyCount "111"]
[EventDate "2003.??.??"]

1. Nc3 d5 2. e4 e6 3. Nf3 dxe4 4. Nxe4 Nd7 5. d4 Ngf6 6. Nxf6+ Nxf6 7. Bd3 c5
8. Be3 Nd5 9. O-O Be7 10. Ne5 O-O 11. dxc5 Nxe3 12. fxe3 Qd5 13. Ng4 Bxc5 14.
b4 Be7 15. Rf4 f5 16. Rd4 Qc6 17. Rc4 Qb6 18. Nf2 Qxe3 19. Qf1 Qh6 20. Qe2 Bd6
21. g3 Qf6 22. Rd1 Bd7 23. Be4 Bb5 24. Bxb7 Rad8 25. a3 Bc7 26. Re1 Bxc4 27.
Qxc4 Bb6 28. Re2 Rfe8 29. Kg2 Bxf2 30. Rxf2 Qd4 31. Qb3 Qb6 32. Bf3 Qd6 33. c4
Kh8 34. c5 Qc7 35. Qa4 e5 36. Qc6 Qxc6 37. Bxc6 Re6 38. b5 g6 39. Bb7 Re7 40.
Ba6 Kg7 41. a4 Kf6 42. a5 e4 43. c6 Rb8 44. Rc2 Rc7 45. Kf2 Ke5 46. Ke3 g5 47.
Rc5+ Ke6 48. g4 f4+ 49. Kxe4 h6 50. Rf5 Re8 51. Re5+ Kf7 52. Rxe8 Kxe8 53. b6
axb6 54. axb6 Re7+ 55. Kd5 Kd8 56. Kd6 1-0

[Event "WECU Championship"]
[Site "Exmouth"]
[Date "2003.04.20"]
[Round "5.8"]
[White "Wilkinson, John R"]
[Black "Bolt, G."]
[Result "1-0"]
[WhiteElo "1880"]
[BlackElo "1960"]
[PlyCount "59"]
[EventDate "2003.??.??"]

1. d4 Nf6 2. c4 g6 3. g3 Bg7 4. Bg2 d5 5. cxd5 Nxd5 6. e4 Nb6 7. Ne2 O-O 8. O-O
c6 9. Nbc3 Na6 10. b3 Bg4 11. f3 Bd7 12. Be3 e6 13. Qd2 Qe7 14. a3 c5 15. d5
exd5 16. exd5 Rfe8 17. Bf2 f5 18. Rfe1 Qf7 19. f4 Rad8 20. Rad1 Nc8 21. d6 Nxd6
22. Qxd6 Be6 23. Qxd8 Rxd8 24. Rxd8+ Bf8 25. Bd5 Kg7 26. Rd1 Be7 27. Bxe6 Qxe6
28. R8d7 b6 29. Rxa7 Nb8 30. Rb7 1-0

[Event "WECU Championship"]
[Site "Exmouth"]
[Date "2003.04.20"]
[Round "5.9"]
[White "Sapiecha, Michael W"]
[Black "Shire, David J"]
[Result "1-0"]
[WhiteElo "1864"]
[BlackElo "1928"]
[PlyCount "89"]
[EventDate "2003.??.??"]

1. d4 e6 2. c4 f5 3. d5 Nf6 4. Nf3 Bb4+ 5. Nc3 O-O 6. Bd2 Qe7 7. a3 Bxc3 8.
Bxc3 Ne4 9. Be5 d6 10. Bf4 e5 11. Bd2 a5 12. g3 a4 13. Bg2 Nd7 14. b4 axb3 15.
Qxb3 Ndc5 16. Qb2 Nxd2 17. Nxd2 Bd7 18. O-O Ra4 19. Rfc1 Rfa8 20. Rc3 R4a6 21.
Qc1 Qg5 22. Re3 f4 23. Ne4 Nxe4 24. Rxe4 Qg6 25. c5 fxg3 26. hxg3 dxc5 27. Rxe5
Qd6 28. Qc3 b5 29. Rg5 g6 30. e4 b4 31. Qd2 Rxa3 32. Rxa3 Rxa3 33. e5 Qa6 34.
d6 c6 35. e6 Bxe6 36. d7 Bxd7 37. Qxd7 Qe2 38. Qd8+ Kg7 39. Qc7+ Kh6 40. Qf4
Qd1+ 41. Kh2 Kg7 42. Rxc5 b3 43. Qe5+ Kf7 44. Qc7+ Kg8 45. Bxc6 1-0

[Event "WECU Championship"]
[Site "Exmouth"]
[Date "2003.04.20"]
[Round "5.10"]
[White "Bareham, DC."]
[Black "Wynarczyk, Raymond"]
[Result "1-0"]
[WhiteElo "1920"]
[BlackElo "1864"]
[PlyCount "35"]
[EventDate "2003.??.??"]

1. e4 c5 2. Nc3 d6 3. f4 g6 4. Nf3 Bg7 5. Bc4 Nc6 6. O-O e6 7. Qe1 Nge7 8. d3
a6 9. a4 Nd4 10. Nxd4 Bxd4+ 11. Kh1 Bd7 12. f5 Bxc3 13. Qxc3 O-O 14. fxe6 fxe6
15. Bh6 Rxf1+ 16. Rxf1 Nf5 17. exf5 Qe7 18. fxe6 1-0

[Event "WECU Championship"]
[Site "Exmouth"]
[Date "2003.04.20"]
[Round "5.11"]
[White "Littlejohns, David"]
[Black "Abbott, MV."]
[Result "1/2-1/2"]
[WhiteElo "1880"]
[BlackElo "1776"]
[PlyCount "50"]
[EventDate "2003.??.??"]

1. e4 c5 2. c3 g6 3. Nf3 Bg7 4. Be2 Nc6 5. O-O d5 6. d3 dxe4 7. dxe4 Nf6 8.
Qxd8+ Nxd8 9. Bb5+ Bd7 10. Bxd7+ Nxd7 11. Rd1 Ne6 12. Ng5 Ndf8 13. Na3 h6 14.
Nxe6 Nxe6 15. Be3 Rd8 16. Rd5 O-O 17. Rad1 b6 18. Kf1 Rxd5 19. Rxd5 Rd8 20.
Rxd8+ Nxd8 21. Ke2 Nc6 22. f4 a6 23. Kd3 Kf8 24. Kc4 Ke8 25. Nc2 Na5+ 1/2-1/2

[Event "WECU Championship"]
[Site "Exmouth"]
[Date "2003.04.20"]
[Round "5.12"]
[White "Neat, Roger J"]
[Black "Gosling, Brian"]
[Result "1/2-1/2"]
[WhiteElo "1568"]
[BlackElo "1840"]
[PlyCount "55"]
[EventDate "2003.??.??"]

1. d4 Nf6 2. Nf3 g6 3. Bf4 Bg7 4. e3 d6 5. Bd3 c5 6. c3 O-O 7. Nbd2 b6 8. Be2
Ba6 9. Bxa6 Nxa6 10. Qe2 Nc7 11. O-O Nh5 12. Bg3 Qd7 13. Rfe1 Ne6 14. d5 Nc7
15. e4 Nxg3 16. hxg3 Rae8 17. Rad1 Rb8 18. Nf1 b5 19. e5 Rb6 20. e6 fxe6 21.
dxe6 Qc8 22. Qe4 d5 23. Qh4 Bf6 24. Ng5 Bxg5 25. Qxg5 Rxe6 26. Ne3 Qd7 27. Ng4
Rxe1+ 28. Rxe1 1/2-1/2

[Event "WECU Championship"]
[Site "Exmouth"]
[Date "2003.04.20"]
[Round "6.1"]
[White "Turner, Matthew"]
[Black "Pleasants, Allan J"]
[Result "1-0"]
[WhiteElo "2496"]
[BlackElo "2000"]
[PlyCount "49"]
[EventDate "2003.??.??"]

1. c4 g6 2. g3 Bg7 3. Bg2 c6 4. Nc3 d6 5. e4 e5 6. d3 Qe7 7. Nge2 Be6 8. O-O h5
9. f4 Nh6 10. h3 Na6 11. Be3 Nc7 12. Qd2 Rd8 13. Bxa7 d5 14. cxd5 cxd5 15. fxe5
Bxe5 16. d4 dxe4 17. Nxe4 Bf5 18. Bc5 Qe6 19. Ng5 Qd7 20. Qe3 f6 21. Rac1 Nd5
22. Bxd5 Qxd5 23. Nf3 Bxh3 24. Nf4 Nf5 25. Qe1 1-0

[Event "WECU Championship"]
[Site "Exmouth"]
[Date "2003.04.20"]
[Round "6.2"]
[White "Moore, Gerald"]
[Black "Cutmore, DA."]
[Result "1-0"]
[WhiteElo "2216"]
[BlackElo "1848"]
[PlyCount "61"]
[EventDate "2003.??.??"]

1. Nf3 d6 2. d4 Nf6 3. c4 Na6 4. Nc3 c5 5. e4 cxd4 6. Nxd4 g6 7. Be2 Nc5 8. f3
Bg7 9. Be3 O-O 10. Qd2 a6 11. O-O e5 12. Nc2 Ne6 13. Rfd1 Ne8 14. c5 Bd7 15.
cxd6 Rc8 16. Nd5 Nxd6 17. Nb6 Rc6 18. Nxd7 Qxd7 19. Nb4 Nd4 20. Nxc6 Qxc6 21.
Rac1 Qb6 22. Bxd4 exd4 23. Bd3 h5 24. Kh1 Kh7 25. f4 f5 26. e5 Ne4 27. Bxe4
fxe4 28. Qxd4 Qxd4 29. Rxd4 Rxf4 30. Re1 Rf2 31. Rdxe4 1-0

[Event "WECU Championship"]
[Site "Exmouth"]
[Date "2003.04.20"]
[Round "6.3"]
[White "George, Ian"]
[Black "Crouch, C."]
[Result "0-1"]
[WhiteElo "1952"]
[BlackElo "2344"]
[PlyCount "42"]
[EventDate "2003.??.??"]

1. e4 g6 2. d4 Nf6 3. e5 Nh5 4. Be2 d6 5. Bxh5 gxh5 6. Qxh5 dxe5 7. Qxe5 Rg8 8.
c3 Rxg2 9. Bf4 Be6 10. Nd2 c6 11. Bg3 Qb6 12. Qc5 Qxb2 13. Rb1 Qc2 14. Rxb7 Bd5
15. Bxb8 Qc1+ 16. Ke2 Rg6 17. c4 Bxh1 18. d5 Bxd5 19. Nh3 Re6+ 20. Kd3 Bh6 21.
Bf4 Rd8 0-1

[Event "WECU Championship"]
[Site "Exmouth"]
[Date "2003.04.20"]
[Round "6.4"]
[White "Chaplin, Peter E"]
[Black "Rudd, Jack"]
[Result "0-1"]
[WhiteElo "2032"]
[BlackElo "2200"]
[PlyCount "48"]
[EventDate "2003.??.??"]

1. Nc3 Nf6 2. Nf3 c5 3. e4 d6 4. d3 g6 5. g3 Bg7 6. Bg2 Nc6 7. h3 O-O 8. Be3 e5
9. Qd2 Nd4 10. Ne2 Be6 11. c4 a6 12. Nexd4 cxd4 13. Bh6 b5 14. b3 Rb8 15. h4
bxc4 16. bxc4 Bxh6 17. Qxh6 Qa5+ 18. Qd2 Qxd2+ 19. Nxd2 Rb2 20. Nb3 Bg4 21. Nc1
Rfb8 22. O-O Rc2 23. f3 Rbb2 24. Bh1 Bh3 0-1

[Event "WECU Championship"]
[Site "Exmouth"]
[Date "2003.04.20"]
[Round "6.5"]
[White "Ponter, Ian"]
[Black "Dilleigh, Stephen"]
[Result "1/2-1/2"]
[WhiteElo "1904"]
[BlackElo "2072"]
[PlyCount "31"]
[EventDate "2003.??.??"]

1. e4 d6 2. d4 Nf6 3. Nc3 g6 4. Nf3 c6 5. h3 Bg7 6. Be3 O-O 7. a4 d5 8. e5 Ne4
9. Nxe4 dxe4 10. Nd2 c5 11. Nxe4 cxd4 12. Qxd4 Qxd4 13. Bxd4 Nc6 14. Bc3 Nxe5
15. O-O-O Bf5 16. Ng3 1/2-1/2

[Event "WECU Championship"]
[Site "Exmouth"]
[Date "2003.04.20"]
[Round "6.6"]
[White "Carpenter, P.."]
[Black "Bareham, DC."]
[Result "1/2-1/2"]
[WhiteElo "1880"]
[BlackElo "1920"]
[PlyCount "73"]
[EventDate "2003.??.??"]

1. d4 Nf6 2. e3 g6 3. Bd3 Bg7 4. f4 d6 5. Nf3 O-O 6. O-O Nbd7 7. f5 e5 8. fxe6
fxe6 9. c3 Qe7 10. e4 e5 11. Bg5 h6 12. Bh4 Qe8 13. Nbd2 g5 14. Bf2 Ng4 15. h3
Nxf2 16. Rxf2 Qh5 17. Be2 Qg6 18. Qb3+ Kh8 19. Raf1 exd4 20. Nxd4 Rxf2 21. Rxf2
Ne5 22. Nf5 Bf6 23. Nf1 b6 24. N1g3 Bd8 25. Bh5 Qe6 26. Qxe6 Bxe6 27. Nd4 Bg8
28. b3 Be7 29. Ngf5 Bf8 30. Nb5 Nd3 31. Rd2 Nf4 32. Bf3 a6 33. Nxc7 Rc8 34.
Nxa6 Rxc3 35. Nxd6 Nxh3+ 36. Kh2 Nf4 37. Nf5 1/2-1/2

[Event "WECU Championship"]
[Site "Exmouth"]
[Date "2003.04.20"]
[Round "6.7"]
[White "Cutmore, Martin"]
[Black "Sapiecha, Michael W"]
[Result "1-0"]
[WhiteElo "1896"]
[BlackElo "1864"]
[PlyCount "77"]
[EventDate "2003.??.??"]

1. d4 e6 2. c4 d5 3. Nc3 Nf6 4. cxd5 exd5 5. Bg5 Be7 6. Qc2 c6 7. e3 Be6 8. Bd3
Nbd7 9. Nge2 h6 10. Bh4 Nh5 11. Bxe7 Qxe7 12. h3 Nhf6 13. O-O-O a6 14. f4 Nb6
15. Rhe1 Nc4 16. Bxc4 dxc4 17. e4 O-O-O 18. f5 Bd7 19. Nf4 Nh5 20. Nxh5 Qg5+
21. Kb1 Qxh5 22. Na4 Kb8 23. Nc5 Bc8 24. Qxc4 Rhe8 25. Qb3 Ka7 26. g4 Qh4 27.
Qxf7 Re7 28. Qb3 Rxd4 29. Qe3 Rxd1+ 30. Rxd1 b6 31. Na4 Rb7 32. Nc3 Qe7 33. e5
Bd7 34. e6 Be8 35. Ne4 g6 36. Nd6 Rc7 37. f6 Qd8 38. Nb5+ axb5 39. Rxd8 1-0

[Event "WECU Championship"]
[Site "Exmouth"]
[Date "2003.04.20"]
[Round "6.8"]
[White "Therrien, Alex L"]
[Black "Wilkinson, John R"]
[Result "1/2-1/2"]
[WhiteElo "1784"]
[BlackElo "1880"]
[PlyCount "84"]
[EventDate "2003.??.??"]

1. e4 Nf6 2. Nc3 e5 3. g3 d5 4. exd5 Nxd5 5. Bg2 Nxc3 6. bxc3 Bd6 7. Ne2 O-O 8.
O-O Nd7 9. d4 c6 10. f4 exf4 11. Nxf4 Nf6 12. Qd3 Bg4 13. Bd2 Qd7 14. c4 Rae8
15. Rfe1 Bf5 16. Qb3 Rxe1+ 17. Rxe1 Bxf4 18. Bxf4 Qxd4+ 19. Be3 Qd7 20. Bxa7
Qd2 21. Rf1 Bxc2 22. Qb2 Re8 23. Bf3 Re1 24. Rxe1 Qxe1+ 25. Kg2 Be4 26. Qf2
Qxf2+ 27. Kxf2 Bxf3 28. Kxf3 Kf8 29. Bd4 Ke7 30. h3 Ke6 31. Kf4 Ne8 32. g4 f6
33. Ke4 g6 34. Be3 f5+ 35. gxf5+ gxf5+ 36. Kd4 Nf6 37. Bf4 Ne4 38. h4 h5 39.
Kd3 Nc5+ 40. Kd4 Ne4 41. Kd3 Nc5+ 42. Kd4 Ne4 1/2-1/2

[Event "WECU Championship"]
[Site "Exmouth"]
[Date "2003.04.20"]
[Round "6.9"]
[White "Egginton, David C"]
[Black "Littlejohns, David"]
[Result "1/2-1/2"]
[WhiteElo "1880"]
[BlackElo "1880"]
[PlyCount "60"]
[EventDate "2003.??.??"]

1. c4 c6 2. Nf3 Nf6 3. g3 g6 4. Bg2 Bg7 5. O-O O-O 6. d3 d5 7. Qc2 Nbd7 8. e4
dxe4 9. dxe4 Qc7 10. Nc3 Nh5 11. Be3 e5 12. Rad1 Re8 13. b4 Nf8 14. Bc5 Bg4 15.
h3 Bxf3 16. Bxf3 Rad8 17. Rxd8 Rxd8 18. Rd1 b6 19. Be3 Rxd1+ 20. Qxd1 Nf6 21.
Be2 Qd7 22. Kg2 Ne6 23. Qxd7 Nxd7 24. Bg4 Kf8 25. b5 c5 26. Bxe6 fxe6 27. f3
Ke7 28. g4 Kf7 29. Kg3 Bf6 30. Nd1 g5 1/2-1/2